Classement Ballon d'or 2025 - Statistiques

Statistiques générales
  • Ce quiz a été pris 306 fois
  • Le résultat moyen est 7 sur 10
Statistiques - réponses
Classement Joueur % Correct
1 Ousmane Dembélé
99%
2 Lamine Yamal
91%
3 Vitinha
90%
7 Kylian Mbappé
81%
5 Raphinha
68%
6 Achraf Hakimi
64%
10 Nuno Mendes
54%
8 Cole Palmer
51%
4 Mohammed Salah
50%
9 Gianluigi Donnarumma
37%
Aucun quiz correspondant
Distribution des résultats
% des personnes avec chaque résultat
Percentile par nombre de réponses
Votre historique - résultats
Vous n’avez pas pris ce quiz